[Event "Bundesliga 2017-18"]
[Site "Berlin GER"]
[Date "2018.05.01"]
[Round "15.4"]
[White "Huschenbeth, Niclas"]
[Black "Bischoff, Klaus"]
[Result "1-0"]
[WhiteTitle "GM"]
[BlackTitle "GM"]
[WhiteElo "2596"]
[BlackElo "2510"]
[Board "3"]
[WhiteTeam "Hamburger SK"]
[BlackTeam "FC Bayern Muenchen"]
[WhiteFideId "24604747"]
[BlackFideId "4600045"]
[EventDate "2017.10.21"]
[EventType "team"]

1. e4 c5 2. Nf3 e6 3. d4 cxd4 4. Nxd4 Nc6 5. Nc3 a6 6. Nxc6 bxc6 7. Bd3 d5 8.
O-O Qc7 9. Re1 Bb7 10. Qf3 Nf6 11. Bg5 Be7 12. e5 Nd7 13. Bxe7 Kxe7 14. Qg3 c5
15. b3 h6 16. Na4 Bc6 17. c4 dxc4 18. Bxc4 Bxa4 19. bxa4 g5 20. Rad1 Nb6 21. Qf3 1-0

[Event "Bundesliga 2017-18"]
[Site "Berlin GER"]
[Date "2018.05.01"]
[Round "15.4"]
[White "Gabriel, Christian"]
[Black "Lampert, Jonas"]
[Result "0-1"]
[WhiteTitle "GM"]
[BlackTitle "IM"]
[WhiteElo "2514"]
[BlackElo "2514"]
[Board "4"]
[WhiteTeam "FC Bayern Muenchen"]
[BlackTeam "Hamburger SK"]
[WhiteFideId "4600967"]
[BlackFideId "1303759"]
[EventDate "2017.10.21"]
[EventType "team"]

1. c4 e5 2. Nc3 Nf6 3. Nf3 Nc6 4. g3 Bb4 5. Bg2 O-O 6. O-O e4 7. Ng5 Bxc3 8.
bxc3 Re8 9. d3 exd3 10. exd3 d6 11. h3 Bf5 12. g4 Bd7 13. Nf3 Be6 14. Rb1 d5 15.
cxd5 Nxd5 16. Qd2 Nb6 17. c4 Qe7 18. Qc3 Rad8 19. Be3 Qd7 20. Ng5 h5 21. gxh5
Bf5 22. Bxb6 axb6 23. Bd5 Bxh3 24. Nxf7 Qg4+ 25. Kh2 Rxd5 26. Nh6+ gxh6 27. Rg1
Rxh5 28. Rxg4+ Bxg4+ 29. Kg3 Rg5 30. Rg1 Rf8 31. f4 Rg7 32. Qa1 Rf5 0-1

[Event "Bundesliga 2017-18"]
[Site "Berlin GER"]
[Date "2018.05.01"]
[Round "15.4"]
[White "Ftacnik, Lubomir"]
[Black "Fedorovsky, Michael"]
[Result "1/2-1/2"]
[WhiteTitle "GM"]
[BlackTitle "IM"]
[WhiteElo "2546"]
[BlackElo "2478"]
[Board "5"]
[WhiteTeam "Hamburger SK"]
[BlackTeam "FC Bayern Muenchen"]
[WhiteFideId "14900017"]
[BlackFideId "14105454"]
[EventDate "2017.10.21"]
[EventType "team"]

1. Nf3 Nf6 2. c4 e6 3. Nc3 d5 4. d4 c6 5. Bg5 dxc4 6. e4 b5 7. e5 h6 8. Bh4 g5
9. Nxg5 hxg5 10. Bxg5 Be7 11. exf6 Bxf6 12. Bxf6 Qxf6 13. g3 Bb7 14. Bg2 Na6 15.
a4 O-O-O 16. axb5 cxb5 17. Bxb7+ Kxb7 18. Ra5 b4 19. Rxa6 Kxa6 20. Qa4+ Kb7 21.
Qb5+ Ka8 22. Qc6+ Kb8 23. Qb5+ Ka8 24. Qc6+ Kb8 25. Qb5+ Ka8 1/2-1/2

[Event "Bundesliga 2017-18"]
[Site "Berlin GER"]
[Date "2018.05.01"]
[Round "15.4"]
[White "Schneider, Stefan"]
[Black "Heinemann, Thies"]
[Result "0-1"]
[BlackTitle "IM"]
[WhiteElo "2390"]
[BlackElo "2484"]
[Board "6"]
[WhiteTeam "FC Bayern Muenchen"]
[BlackTeam "Hamburger SK"]
[WhiteFideId "1703013"]
[BlackFideId "4601556"]
[EventDate "2017.10.21"]
[EventType "team"]

1. d4 Nf6 2. Nf3 e6 3. c4 b6 4. g3 Ba6 5. Qa4 Bb7 6. Bg2 c5 7. dxc5 bxc5 8. O-O
Be7 9. Nc3 O-O 10. Rd1 Qb6 11. Bf4 d6 12. Rab1 Nbd7 13. b4 cxb4 14. Rxb4 Bc6 15.
Qb3 Qc5 16. Be3 Qa5 17. Nb5 Nc5 18. Bxc5 dxc5 19. Ra4 Qb6 20. Ne5 Bxg2 21. Kxg2
a6 22. Nd4 Qc7 23. Ndf3 Bd6 24. Qe3 h6 25. Ra3 Rfb8 26. Rad3 Rb6 27. h3 a5 28.
R3d2 a4 29. Ng4 Ne8 30. Nge5 Rb4 31. g4 Rab8 32. h4 f6 33. Nd3 Rxc4 34. Qxe6+
Qf7 35. Qxf7+ Kxf7 36. Kh3 g5 37. h5 Ke7 38. Nfe1 f5 39. gxf5 Nf6 40. Nb2 Rh4+ 0-1

[Event "Bundesliga 2017-18"]
[Site "Berlin GER"]
[Date "2018.05.01"]
[Round "15.4"]
[White "Rogozenco, Dorian"]
[Black "Schenk, Andreas"]
[Result "1/2-1/2"]
[WhiteTitle "GM"]
[BlackTitle "IM"]
[WhiteElo "2472"]
[BlackElo "2435"]
[Board "7"]
[WhiteTeam "Hamburger SK"]
[BlackTeam "FC Bayern Muenchen"]
[WhiteFideId "1210319"]
[BlackFideId "4644891"]
[EventDate "2017.10.21"]
[EventType "team"]

1. d4 Nf6 2. c4 e6 3. g3 Bb4+ 4. Bd2 Bxd2+ 5. Nxd2 d6 6. Bg2 e5 7. d5 O-O 8. e3
a5 9. Ne2 Na6 10. O-O Bd7 11. Nc3 Qe7 12. b3 a4 13. b4 Nxb4 14. Rb1 Na6 15. Rxb7
Rfc8 16. a3 Nc5 17. Rb4 Nd3 18. Rb7 Nc5 19. Rb4 Nd3 20. Rb7 1/2-1/2

[Event "Bundesliga 2017-18"]
[Site "Berlin GER"]
[Date "2018.05.01"]
[Round "15.4"]
[White "Bezold, Michael"]
[Black "Carlstedt, Jonathan"]
[Result "0-1"]
[WhiteTitle "GM"]
[BlackTitle "IM"]
[WhiteElo "2493"]
[BlackElo "2413"]
[Board "8"]
[WhiteTeam "FC Bayern Muenchen"]
[BlackTeam "Hamburger SK"]
[WhiteFideId "4601718"]
[BlackFideId "24614386"]
[EventDate "2017.10.21"]
[EventType "team"]

1. d4 Nf6 2. Nf3 e6 3. e3 c5 4. Bd3 Nc6 5. O-O cxd4 6. exd4 Qc7 7. c3 b6 8. Re1
Bb7 9. Bg5 Bd6 10. Nbd2 Ng4 11. Nf1 h6 12. Bh4 g5 13. Bg3 O-O-O 14. d5 Nce5 15.
Nxe5 Nxe5 16. Bxe5 Bxe5 17. Qe2 f6 18. Ba6 Rhe8 19. Red1 Bd6 20. a4 Bxa6 21.
Qxa6+ Qb7 22. Qe2 a6 23. Ne3 Kb8 24. Qd3 f5 25. Nc4 Bf4 26. d6 Rc8 27. g3 Rg8
28. gxf4 gxf4+ 29. Kf1 Qg2+ 30. Ke1 Rc5 31. Ke2 Qg4+ 32. Ke1 Qg2 33. Ke2 f3+ 34.
Ke1 Qxh2 35. Ne3 Rg1+ 36. Kd2 Qxf2+ 37. Kc1 Rxd1+ 38. Nxd1 Qe2 39. Qe3 Rc6 40.
Qd2 h5 41. b4 Qe5 42. Qf2 Qf4+ 43. Kb2 Rxd6 44. Ne3 Rd3 45. Nc2 Qc7 46. a5 Qxc3+
47. Kc1 Qc7 48. axb6 Qf4+ 49. Kb2 Qe5+ 50. Kc1 Rb3 51. Qh4 Qb2+ 52. Kd2 Qc3+ 53.
Kc1 Kb7 54. Qd8 Qc6 55. Qh4 e5 56. Qxh5 e4 57. Qxf5 Qh6+ 58. Kd1 Rd3+ 0-1

[Event "Bundesliga 2017-18"]
[Site "Berlin GER"]
[Date "2018.05.01"]
[Round "15.2"]
[White "Aronian, Levon"]
[Black "Schroeder, Jan-Christian"]
[Result "1/2-1/2"]
[WhiteTitle "GM"]
[BlackTitle "GM"]
[WhiteElo "2801"]
[BlackElo "2552"]
[Board "1"]
[WhiteTeam "OSG Baden-Baden"]
[BlackTeam "SV 1920 Hofheim"]
[WhiteFideId "13300474"]
[BlackFideId "24662259"]
[EventDate "2017.10.21"]
[EventType "team"]

1. c4 e6 2. g3 d5 3. Bg2 Nf6 4. Nf3 Be7 5. O-O O-O 6. b3 b6 7. Nc3 Bb7 8. d4 c5
9. dxc5 dxc4 10. cxb6 Qxd1 11. Rxd1 cxb3 12. axb3 axb6 13. Rxa8 Bxa8 14. Ne5
Bxg2 15. Kxg2 Rc8 16. Nb5 Nc6 17. Nxc6 Rxc6 18. Be3 Nd5 19. Bd4 f5 20. Rd2 Kf7
21. Ra2 g5 22. Ba1 Rc1 23. Bd4 Rb1 24. Rb2 Rxb2 25. Bxb2 g4 26. h3 h5 27. hxg4
hxg4 28. Kf1 1/2-1/2

[Event "Bundesliga 2017-18"]
[Site "Berlin GER"]
[Date "2018.05.01"]
[Round "15.2"]
[White "Ginsburg, Gennadi"]
[Black "Vachier-Lagrave, Maxime"]
[Result "1/2-1/2"]
[WhiteTitle "GM"]
[BlackTitle "GM"]
[WhiteElo "2443"]
[BlackElo "2794"]
[Board "2"]
[WhiteTeam "SV 1920 Hofheim"]
[BlackTeam "OSG Baden-Baden"]
[WhiteFideId "4630629"]
[BlackFideId "623539"]
[EventDate "2017.10.21"]
[EventType "team"]

1. d4 Nf6 2. Nf3 g6 3. c4 Bg7 4. e3 O-O 5. Be2 d6 6. Nc3 Nc6 7. d5 Nb4 8. a3 Na6
9. O-O Nc5 10. Nd4 a5 11. b3 e5 12. dxe6 fxe6 13. Bb2 e5 14. Nf3 Be6 15. b4 Nce4
16. Nd2 Nxd2 17. Qxd2 Qd7 18. Nd5 Qf7 19. Nxf6+ Bxf6 20. Qc2 Bg7 21. Bd3 c6 22.
e4 h5 23. c5 dxc5 24. bxc5 a4 25. Bc1 Rad8 26. Be3 Bb3 1/2-1/2

[Event "Bundesliga 2017-18"]
[Site "Berlin GER"]
[Date "2018.05.01"]
[Round "15.2"]
[White "Wojtaszek, Radoslaw"]
[Black "Perske, Thore"]
[Result "1/2-1/2"]
[WhiteTitle "GM"]
[BlackTitle "IM"]
[WhiteElo "2737"]
[BlackElo "2443"]
[Board "3"]
[WhiteTeam "OSG Baden-Baden"]
[BlackTeam "SV 1920 Hofheim"]
[WhiteFideId "1118358"]
[BlackFideId "12902195"]
[EventDate "2017.10.21"]
[EventType "team"]

1. Nf3 Nf6 2. c4 g6 3. Nc3 Bg7 4. e4 d6 5. d4 O-O 6. Be2 e5 7. O-O Nc6 8. d5 Ne7
9. a4 a5 10. Ne1 Nd7 11. Nd3 f5 12. f3 Kh8 13. Bg5 b6 14. Nb5 Bf6 15. Bd2 Nc5
16. Nxc5 dxc5 17. exf5 Nxf5 18. Bd3 Nd6 19. Re1 Bd7 20. Bc3 Bxb5 21. axb5 Qe7
22. b3 e4 23. Qc1 Qg7 24. Bxf6 Qxf6 25. fxe4 Rae8 26. Qe3 Qe5 27. Rf1 Kg7 28.
Rxf8 Rxf8 29. Re1 Re8 30. Qg3 Qxg3 31. hxg3 Nf7 32. Kf2 Ne5 33. Be2 Rf8+ 34. Ke3
Rf6 35. Rh1 g5 36. Rd1 Kf8 37. Rh1 Kg7 1/2-1/2

[Event "Bundesliga 2017-18"]
[Site "Berlin GER"]
[Date "2018.05.01"]
[Round "15.2"]
[White "Bacrot, Etienne"]
[Black "Margolin, Boris"]
[Result "1-0"]
[WhiteTitle "GM"]
[BlackTitle "IM"]
[WhiteElo "2723"]
[BlackElo "2376"]
[Board "5"]
[WhiteTeam "OSG Baden-Baden"]
[BlackTeam "SV 1920 Hofheim"]
[WhiteFideId "605506"]
[BlackFideId "4646193"]
[EventDate "2017.10.21"]
[EventType "team"]

1. d4 Nf6 2. c4 d6 3. Nf3 Bg4 4. Nc3 Nbd7 5. g3 e5 6. Bg2 Be7 7. h3 Bxf3 8. Bxf3
c6 9. O-O O-O 10. e3 Re8 11. Bg2 Bf8 12. Qc2 Rc8 13. Rd1 Qe7 14. b3 b5 15. Ba3
exd4 16. exd4 a5 17. Bb2 b4 18. Na4 g6 19. a3 d5 20. axb4 axb4 21. Qd3 Qe2 22.
Qxe2 Rxe2 23. Kf1 Ree8 24. Rac1 Bg7 25. Rc2 Ne4 26. Bxe4 dxe4 27. Bc1 f5 28. c5
Nf6 29. Nb6 Rc7 30. Rc4 Rb7 31. Rxb4 h6 32. Nd5 Rxb4 33. Nxb4 Rb8 34. Nxc6 Rxb3
35. d5 Rc3 36. Be3 Nd7 37. d6 Bf6 38. Nb4 Rc4 39. c6 Rxb4 40. c7 Rc4 41. Rc1 1-0

[Event "Bundesliga 2017-18"]
[Site "Berlin GER"]
[Date "2018.05.01"]
[Round "15.2"]
[White "Weber, Ulrich"]
[Black "Naiditsch, Arkadij"]
[Result "0-1"]
[WhiteTitle "FM"]
[BlackTitle "GM"]
[WhiteElo "2357"]
[BlackElo "2702"]
[Board "6"]
[WhiteTeam "SV 1920 Hofheim"]
[BlackTeam "OSG Baden-Baden"]
[WhiteFideId "4616502"]
[BlackFideId "4650891"]
[EventDate "2017.10.21"]
[EventType "team"]

1. Nf3 Nf6 2. g3 b5 3. Bg2 Bb7 4. Na3 a6 5. c4 e5 6. cxb5 Bxa3 7. bxa3 axb5 8.
O-O d6 9. Qb3 Bc6 10. Bb2 O-O 11. Qc2 Bd5 12. d3 c5 13. e4 Bb7 14. Nh4 Nc6 15.
f4 Nd4 16. Qd1 Bc8 17. Nf5 Re8 18. Rc1 Bxf5 19. exf5 Ra4 20. Kh1 h5 21. h3 Nxf5
22. fxe5 Nxg3+ 23. Kg1 Nxf1 24. exf6 Ng3 25. Rc2 Rf4 26. Kh2 h4 27. fxg7 Qg5 28.
Bc1 Nf1+ 29. Bxf1 Qg3+ 30. Kh1 Rxf1+ 31. Qxf1 Re1 32. Qxe1 Qxe1+ 0-1

[Event "Bundesliga 2017-18"]
[Site "Berlin GER"]
[Date "2018.05.01"]
[Round "15.2"]
[White "Movsesian, Sergei"]
[Black "Brendel, Oliver"]
[Result "1-0"]
[WhiteTitle "GM"]
[BlackTitle "IM"]
[WhiteElo "2671"]
[BlackElo "2334"]
[Board "7"]
[WhiteTeam "OSG Baden-Baden"]
[BlackTeam "SV 1920 Hofheim"]
[WhiteFideId "310204"]
[BlackFideId "4602048"]
[EventDate "2017.10.21"]
[EventType "team"]

1. e4 c5 2. Nf3 g6 3. d4 cxd4 4. Nxd4 Bg7 5. c4 Nc6 6. Nc2 Nf6 7. Nc3 O-O 8. Be2
b6 9. O-O Bb7 10. Bg5 Rc8 11. b3 h6 12. Bh4 Nh5 13. Qd2 Nf4 14. Rae1 f5 15. Qxf4
g5 16. Bxg5 hxg5 17. Qxg5 f4 18. Rd1 e6 19. Qxd8 Rcxd8 20. Nb5 Ne5 21. Nd6 Ba8
22. Nd4 Rf6 23. Nf3 Rh6 24. Rd2 Kf8 25. Rfd1 Ke7 26. a3 a5 27. Nxe5 Bxe5 28. Bf3
Bc6 29. h3 Rb8 30. Kf1 Rhh8 31. Ke2 Ra8 32. Bg4 Bc3 33. Rd3 Bb2 34. Kf3 Rhf8 35.
Nb5 Bxb5 36. cxb5 Ra7 37. a4 Rc7 38. h4 Be5 39. h5 d6 40. h6 Rh8 41. Rh1 Kf6 42.
Rh3 Rc2 43. h7 Kg7 44. Bxe6 Rxh7 45. Bd5 Rb2 46. Rd1 Kg6 47. Rxh7 Kxh7 48. Rc1
Bd4 49. Kxf4 Rxf2+ 50. Kg3 Rd2 51. Rc6 Kg7 52. Kh3 Bc5 53. g3 Kf6 54. Rc8 Rd3
55. Kg4 Bd4 56. Rf8+ Kg7 57. Rb8 Kf6 58. Rb7 Rc3 59. Kh5 Be3 60. g4 Rc1 61. Rf7+
Ke5 62. Rf5+ Kd4 63. g5 Kc3 64. Rf3 Kd4 65. Kg6 Rg1 66. Rf5 Kc5 67. Kf6 Bd4+ 68.
Kf7 Kb4 69. g6 Rg3 70. Bc4 Rg2 71. e5 dxe5 72. g7 e4 73. g8=Q Rxg8 74. Kxg8 e3
75. Rf4 Bc5 76. Re4 1-0

[Event "Bundesliga 2017-18"]
[Site "Berlin GER"]
[Date "2018.05.01"]
[Round "15.2"]
[White "Burkart, Patrick"]
[Black "Gustafsson, Jan"]
[Result "0-1"]
[WhiteTitle "FM"]
[BlackTitle "GM"]
[WhiteElo "2302"]
[BlackElo "2640"]
[Board "8"]
[WhiteTeam "SV 1920 Hofheim"]
[BlackTeam "OSG Baden-Baden"]
[WhiteFideId "4605071"]
[BlackFideId "4625498"]
[EventDate "2017.10.21"]
[EventType "team"]

1. d4 Nf6 2. Nf3 g6 3. c4 Bg7 4. Nc3 d5 5. e3 O-O 6. Qb3 e6 7. Be2 b6 8. O-O Bb7
9. cxd5 exd5 10. Bd2 Nbd7 11. Rfd1 Re8 12. Rac1 c6 13. Be1 Bf8 14. a3 Bd6 15.
Qc2 Qe7 16. Rb1 Rac8 17. Rdc1 Ne4 18. Qa4 Bb8 19. Nxe4 dxe4 20. Nd2 Nf6 21. Rc2
h5 22. Rbc1 Qd6 23. Nf1 Nd5 24. Qb3 Rcd8 25. f3 exf3 26. Bxf3 Nxe3 27. Rxc6 Bxc6
28. Rxc6 Qe7 29. Rxg6+ Kh8 30. Bb4 Qd7 31. Bc6 Qf5 32. Rh6+ Kg7 33. Nxe3 Rxe3
34. Qxe3 Bf4 35. Qf2 Qb1+ 36. Be1 Bxh6 37. h4 Qc1 38. Qg3+ Kf8 39. Kh2 Qxc6 40.
Bb4+ Ke8 41. Qe5+ Qe6 42. Qb5+ Rd7 43. Qa6 Rxd4 44. Qb5+ Kd8 45. Qxh5 Rg4 46.
Be1 f5 47. Bg3 Qg6 48. Qxg6 Rxg6 0-1

[Event "Bundesliga 2017-18"]
[Site "Berlin GER"]
[Date "2018.05.01"]
[Round "15.5"]
[White "Olszewski, Michal"]
[Black "Mons, Leon"]
[Result "1/2-1/2"]
[WhiteTitle "GM"]
[BlackTitle "IM"]
[WhiteElo "2551"]
[BlackElo "2500"]
[Board "1"]
[WhiteTeam "SK Norderstedt 1975"]
[BlackTeam "MSA Zugzwang 82"]
[WhiteFideId "1121251"]
[BlackFideId "4614950"]
[EventDate "2017.10.21"]
[EventType "team"]

1. e4 e5 2. Nf3 Nc6 3. Bb5 a6 4. Ba4 Nf6 5. O-O Be7 6. Re1 b5 7. Bb3 d6 8. a4
Bg4 9. c3 O-O 10. d3 Na5 11. Bc2 c5 12. Nbd2 Nc6 13. Nf1 Be6 14. Bg5 b4 15. h3
h6 16. Bh4 bxc3 17. bxc3 Nd7 18. Bxe7 Qxe7 19. Ne3 Rab8 20. a5 Rfc8 21. Nd2 Nf6
22. Ndc4 Rd8 23. Ba4 Qc7 24. Bxc6 Qxc6 25. Qc2 Qc7 26. Rab1 d5 27. Nb6 dxe4 28.
dxe4 c4 29. Rb4 Qc5 30. Reb1 Qxa5 31. Nexc4 Bxc4 32. Nxc4 Qc7 33. Nb6 g6 34. Nd5
Nxd5 35. Rxb8 Rxb8 36. Rxb8+ Qxb8 37. exd5 Qd6 38. c4 Kf8 39. c5 Qxd5 40. c6 Qe6
41. Qa4 Ke7 42. Qxa6 Qd6 43. Qc8 Qd1+ 44. Kh2 Qd4 45. Qb7+ Ke6 46. Qb3+ Kd6 47.
Qxf7 Qf4+ 48. Qxf4 1/2-1/2

[Event "Bundesliga 2017-18"]
[Site "Berlin GER"]
[Date "2018.05.01"]
[Round "15.5"]
[White "Kindermann, Stefan"]
[Black "Trent, Lawrence"]
[Result "1-0"]
[WhiteTitle "GM"]
[BlackTitle "IM"]
[WhiteElo "2502"]
[BlackElo "2435"]
[Board "2"]
[WhiteTeam "MSA Zugzwang 82"]
[BlackTeam "SK Norderstedt 1975"]
[WhiteFideId "4600053"]
[BlackFideId "408638"]
[EventDate "2017.10.21"]
[EventType "team"]

1. e4 e5 2. Nf3 Nc6 3. Bc4 Nf6 4. d3 h6 5. O-O d6 6. c3 Be7 7. Re1 O-O 8. Nbd2
Nh7 9. h3 Ng5 10. d4 Bf6 11. Nxg5 hxg5 12. Nb3 g6 13. Be3 Kg7 14. Qd2 Rh8 15. f3
Qe7 16. Bf1 a5 17. Rad1 b6 18. Na1 Bd7 19. Nc2 Be8 20. Bf2 Nd8 21. d5 Bd7 22.
Na3 Nb7 23. Bb5 Bc8 24. Bc6 Rb8 25. Nc4 Nd8 26. Bb5 Bd7 27. Bxd7 Qxd7 28. b4 Ra8
29. bxa5 Qa4 30. Qe2 b5 31. Ne3 Rxa5 32. Rd2 Nb7 33. Rb1 Nc5 34. Rb4 Qa3 35. Rc2
Be7 36. Rxb5 Rxb5 37. Qxb5 Qa8 38. Qe2 Rb8 39. Rb2 Rxb2 40. Qxb2 Nd3 41. Qb1 Nf4
42. Qc2 Qa6 43. c4 Qa3 44. Nd1 Kf8 45. Be3 Qb4 46. Kf1 Nh5 47. g4 Nf4 48. Qb3
Qxb3 49. axb3 Nxh3 50. b4 Nf4 51. Nb2 Ke8 52. c5 dxc5 53. bxc5 f6 54. Bxf4 gxf4
55. Na4 Kd8 56. Ke2 c6 57. Kd3 cxd5 58. exd5 f5 59. d6 Bxd6 60. cxd6 Kd7 61. g5
Kxd6 62. Nb6 Kc6 63. Nc4 Kd5 64. Nd2 Kc5 65. Nb3+ Kd5 66. Na5 Kd6 67. Ke2 Kd5
68. Nb7 Ke6 69. Nc5+ Kd6 70. Nd3 Kd5 71. Ne1 Ke6 72. Ng2 Kf7 73. Nh4 Kg7 74. Kd3
Kf7 75. Kc4 e4 76. Kd4 Ke6 77. Nxg6 1-0

[Event "Bundesliga 2017-18"]
[Site "Berlin GER"]
[Date "2018.05.01"]
[Round "15.5"]
[White "Ostrovskiy, Andrey"]
[Black "Bromberger, Stefan"]
[Result "1-0"]
[WhiteTitle "IM"]
[BlackTitle "GM"]
[WhiteElo "2444"]
[BlackElo "2505"]
[Board "3"]
[WhiteTeam "SK Norderstedt 1975"]
[BlackTeam "MSA Zugzwang 82"]
[WhiteFideId "14110326"]
[BlackFideId "4635248"]
[EventDate "2017.10.21"]
[EventType "team"]

1. e4 e5 2. Nf3 Nc6 3. Bb5 a6 4. Ba4 Nf6 5. d3 b5 6. Bb3 Bc5 7. a4 b4 8. O-O O-O
9. Be3 Bxe3 10. fxe3 d6 11. Qe1 Rb8 12. a5 Be6 13. Nbd2 Nd7 14. Ba4 Ne7 15. d4
Ng6 16. Qe2 Ra8 17. d5 Bg4 18. Bc6 Ra7 19. h3 Bxf3 20. Rxf3 Nc5 21. Qc4 Qb8 22.
Nb3 Nxb3 23. Qxb3 Ne7 24. Ra4 g6 25. Rxb4 Qd8 26. Qa4 Kh8 27. c3 f5 28. Qd1 fxe4
29. Rxe4 Rxf3 30. Qxf3 Nxc6 31. dxc6 Qe7 32. Rb4 Ra8 33. Rb7 e4 34. Qg4 Rd8 35.
b4 Kg7 36. Ra7 h5 37. Qe2 Kh6 38. Qxa6 Qf6 39. Qf1 Qxc3 40. Qf4+ g5 41. Qxe4 1-0

[Event "Bundesliga 2017-18"]
[Site "Berlin GER"]
[Date "2018.05.01"]
[Round "15.5"]
[White "Hertneck, Gerald"]
[Black "Kopylov, Michael"]
[Result "1/2-1/2"]
[WhiteTitle "GM"]
[BlackTitle "IM"]
[WhiteElo "2496"]
[BlackElo "2424"]
[Board "4"]
[WhiteTeam "MSA Zugzwang 82"]
[BlackTeam "SK Norderstedt 1975"]
[WhiteFideId "4600088"]
[BlackFideId "14105080"]
[EventDate "2017.10.21"]
[EventType "team"]

1. Nf3 d5 2. g3 c6 3. Bg2 Bg4 4. d3 Nd7 5. Nbd2 Ngf6 6. h3 Bh5 7. O-O e5 8. e4
Bd6 9. Qe1 O-O 10. Nh4 Re8 11. Nf5 Bf8 12. a4 a5 13. Nb3 dxe4 14. dxe4 Qb6 15.
Bd2 Bb4 16. Bxb4 axb4 17. a5 Qc7 18. Qxb4 c5 19. Qc4 b6 20. axb6 Qxb6 21. Ne7+
Kh8 22. Nd5 Nxd5 23. exd5 Bg6 24. Rxa8 Rxa8 25. d6 Rd8 26. Rd1 Qb4 27. Qxb4 cxb4
28. Na5 Bxc2 29. Rd5 Bf5 30. Rb5 Rb8 31. Rxb8+ Nxb8 32. Nc6 Nxc6 33. Bxc6 Bxh3
34. f3 Be6 35. d7 Bxd7 36. Bxd7 g6 37. Kf2 Kg7 38. Ke3 f5 39. Kd3 Kf6 40. Kc4 h5
41. Kxb4 g5 42. Bb5 h4 43. gxh4 gxh4 44. Bf1 Kg5 45. Kc3 Kf4 46. Bh3 Kxf3 47.
Bxf5 e4 48. Kd2 e3+ 49. Ke1 Kf4 50. Bh3 Ke4 51. Ke2 Kd4 52. Be6 Ke5 53. Bc8 Kd4
54. Ba6 h3 55. Kf3 h2 56. Kg2 Kc5 57. Be2 Kb4 58. Bd1 e2 59. Bxe2 Kb3 60. Kxh2
Kxb2 1/2-1/2

[Event "Bundesliga 2017-18"]
[Site "Berlin GER"]
[Date "2018.05.01"]
[Round "15.5"]
[White "Krause, Benedict"]
[Black "Zysk, Robert"]
[Result "1-0"]
[WhiteTitle "FM"]
[BlackTitle "IM"]
[WhiteElo "2453"]
[BlackElo "2400"]
[Board "5"]
[WhiteTeam "SK Norderstedt 1975"]
[BlackTeam "MSA Zugzwang 82"]
[WhiteFideId "12917990"]
[BlackFideId "4600410"]
[EventDate "2017.10.21"]
[EventType "team"]

1. e4 e6 2. d4 d5 3. Nc3 Nf6 4. e5 Nfd7 5. f4 c5 6. Nf3 Nc6 7. Be3 a6 8. Qd2 b5
9. dxc5 Bxc5 10. Bd3 Qb6 11. Bf2 Bxf2+ 12. Qxf2 Qxf2+ 13. Kxf2 Nc5 14. Ne2 Bd7
15. Ned4 Nxd4 16. Nxd4 Ke7 17. a3 h6 18. Rhe1 Rhc8 19. g4 Rab8 20. Ke3 a5 21. f5
b4 22. axb4 Rxb4 23. Rxa5 Rxb2 24. Ra7 Rb7 25. Rxb7 Nxb7 26. Ra1 Nc5 27. Ra7 Kf8
28. h4 Be8 29. Kf4 Kg8 30. g5 hxg5+ 31. hxg5 exf5 32. Bxf5 Rd8 33. e6 fxe6 34.
Bxe6+ Kh7 35. Rc7 Na6 36. Bf5+ Kg8 37. Rxg7+ Kxg7 38. Ne6+ Kf7 39. Nxd8+ Ke7 40.
Ne6 Kd6 41. Nd4 Nc5 42. g6 Bxg6 43. Bxg6 Na4 44. Bd3 Kc5 45. Ke5 Nc3 46. Ne6+
Kb4 47. Kd4 1-0

[Event "Bundesliga 2017-18"]
[Site "Berlin GER"]
[Date "2018.05.01"]
[Round "15.5"]
[White "Schramm, Christian"]
[Black "Parvanyan, Ashot"]
[Result "0-1"]
[WhiteTitle "FM"]
[BlackTitle "FM"]
[WhiteElo "2368"]
[BlackElo "2374"]
[Board "6"]
[WhiteTeam "MSA Zugzwang 82"]
[BlackTeam "SK Norderstedt 1975"]
[WhiteFideId "4612248"]
[BlackFideId "13307550"]
[EventDate "2017.10.21"]
[EventType "team"]

1. e4 e6 2. d4 d5 3. Nd2 Nf6 4. Bd3 c5 5. e5 Nfd7 6. c3 Nc6 7. Ne2 cxd4 8. cxd4
f6 9. exf6 Nxf6 10. Nf3 Bd6 11. O-O Qc7 12. b3 O-O 13. Bb2 Nh5 14. Rc1 Rxf3 15.
gxf3 Bxh2+ 16. Kg2 Nf4+ 17. Nxf4 Bxf4 18. Rh1 g6 19. Rc2 Qe7 20. Re2 Bd7 21.
Ree1 Qg5+ 22. Kf1 Rf8 23. a3 a6 24. Qc2 Ne7 25. Ke2 Bd6 26. Reg1 Qf6 27. Ke1
Qxf3 28. Qe2 Qxe2+ 29. Kxe2 Nc6 30. Rh4 Be7 31. Rh2 Bd8 32. Rgh1 Rf7 33. Ke3 Bb6
34. f4 e5 35. fxe5 Nxe5 36. Be2 Re7 37. Kd2 Ng4 38. Rg2 Ne3 39. Rg5 Nf5 40. Bf3
Bc6 41. Re1 Rf7 42. Re5 Bc7 0-1

[Event "Bundesliga 2017-18"]
[Site "Berlin GER"]
[Date "2018.05.01"]
[Round "15.5"]
[White "Powierski, Emil"]
[Black "Gerigk, Erasmus"]
[Result "0-1"]
[BlackTitle "FM"]
[WhiteElo "2334"]
[BlackElo "2339"]
[Board "7"]
[WhiteTeam "SK Norderstedt 1975"]
[BlackTeam "MSA Zugzwang 82"]
[WhiteFideId "4656199"]
[BlackFideId "4614119"]
[EventDate "2017.10.21"]
[EventType "team"]

1. e4 d5 2. exd5 Qxd5 3. Nc3 Qd6 4. d4 Nf6 5. Nf3 c6 6. Ne5 Nbd7 7. Nc4 Qc7 8.
g3 Nb6 9. Ne5 g6 10. Bg2 Bg7 11. O-O O-O 12. Qe2 Be6 13. Bf4 Qd8 14. Rad1 Nfd5
15. Nxd5 Bxd5 16. Bh3 Qe8 17. b3 f6 18. Nd3 e5 19. Bc1 exd4 20. Qxe8 Rfxe8 21.
Nc5 f5 22. Nxb7 Bf3 23. Rd2 Be2 24. Re1 Ba6 25. Rxe8+ Rxe8 0-1